000 00310nam a2200121Ia 4500
008 190216s9999||||xx |||||||||||||| ||und||
100 _aSankaranunni K
245 0 _aParisthidhi Vijnanathinade Moolathathiuawngal
260 _bKerala Bhasha Institute
_c1974
300 _a237p
650 _aBotany
942 _cBK
999 _c37603
_d37603